| 000 | 00550ata a2200205 4500 | ||
|---|---|---|---|
| 005 | 20161122095552.0 | ||
| 008 | 150526b xxu||||| |||| 00| 0 spa d | ||
| 041 | _aspa | ||
| 082 | _a336.26 C8374L12 | ||
| 100 |
_aCosta Rica, Leyes, decretos, etc. _91 |
||
| 245 | _aLey general de aduanas y su reglamento | ||
| 250 | _a11 edición | ||
| 260 |
_aCosta Rica _bIJSA _c2012 |
||
| 300 | _a453 páginas | ||
| 650 |
_aCOSTA RICA _933326 |
||
| 650 |
_aADUANAS _910863 |
||
| 650 |
_aLEGISLACIÓN _94 |
||
| 650 |
_aREGLAMENTO A LA LEY _910864 |
||
| 942 | _cBK | ||
| 999 |
_c5996 _d5996 |
||